| 000 | 01258nam a2200241Ia 4500 | ||
|---|---|---|---|
| 999 |
_c53386 _d53386 |
||
| 001 | 20429 | ||
| 003 | GE_BSU | ||
| 005 | 20201206141650.0 | ||
| 008 | 181216s1972||||ge |||||||||||||| ||geo|| | ||
| 040 | _cGE_BSU | ||
| 041 | _ageo | ||
| 080 | _a811.353.1-84(075.3=161.1) დ-15 | ||
| 100 |
_aდავითიანი, აკაკი _97697 |
||
| 245 |
_aქართული ენა : _bსაქართველოს სსრ რუსული სკოლის მე-8 კლასის სახელმძღვანელო / _cაკაკი დავითიანი, ვალერიან მუშკუდიანი ; რედ. ნ. კვინიკაძე. |
||
| 264 |
_aთბილისი : _bგანათლება, _c1972. |
||
| 300 |
_a128 გვ. ; _c21სმ. |
||
| 541 | _h18თ. | ||
| 653 | _aსაქართველოს სსრ რუსული სკოლის მე-8 კლასის სახელმძღვანელო. | ||
| 653 | _aქართული ენა | ||
| 700 |
_a მუშკუდიანი, ვალერიან _eავტორი _99842 |
||
| 700 |
_aკვინიკაძე, ნ. _eრედაქტორი _99843 |
||
| 942 |
_cBK _2udc |
||